| 000 | 01316nam a2200253 a 4500 | ||
|---|---|---|---|
| 008 | 120416s2002 ||||||||||||||||| || u | ||
| 020 | _a0471000604 | ||
| 050 | _aTS 155 Mer | ||
| 100 | _aMeredith, Jack R | ||
| 245 | 1 | 0 |
_aOperations management for MBAs _cJack R. Merredith; Scott M. Shafer |
| 250 | _a2nd ed. | ||
| 260 |
_aDanvers, MA: _bJohn Wiley and Sons _c2002 |
||
| 300 | _axiii, 406p. : ill. | ||
| 350 | _a0.00 | ||
| 650 | 0 | _aPRODUCTION MANAGEMENT | |
| 650 | _aPRODUCTION | ||
| 700 | _aShafer, Scott M | ||
| 856 | _uhttp://www.loc.gov/catdir/description/wiley036/2001026753.html | ||
| 856 | _uhttp://www.loc.gov/catdir/toc/wiley021/2001026753.html | ||
| 995 |
_D0.00 _FCBU-MAIN LIBRARY (Kitwe) _H2 _I15.00 _M2 _UAVAILABLE _ZAnnex Low-Usage Collection |
||
| 995 |
_D0.00 _FCBU-MAIN LIBRARY (Kitwe) _H3 _I15.00 _M3 _UAVAILABLE _ZMain Library Open Access Collection |
||
| 995 |
_D0.00 _FCBU-MAIN LIBRARY (Kitwe) _H1 _I15.00 _M1 _UAVAILABLE _ZAnnex Low-Usage Collection |
||
| 995 |
_D0.00 _FCBU-MAIN LIBRARY (Kitwe) _H1 _I0.00 _M1 _UAVAILABLE _WSep 17, 2007 _ZAnnex Low-Usage Collection |
||
| 999 |
_c81589 _d81589 |
||